| 000 | 01221cam a22003377a 4500 | ||
|---|---|---|---|
| 003 | CHAP | ||
| 005 | 20220817043232.0 | ||
| 008 | 971013s1986 r 00010 d | ||
| 010 | _a69193 | ||
| 011 | _a70165 | ||
| 035 | _a79645 | ||
| 040 | _cCHAP | ||
| 090 | _aTesis | ||
| 100 | 0 | 0 |
_aGarcía Chávez, Silvia. _945862 |
| 245 | 0 | _aMetodología para elaborar la proyección financiera de una empresa agrícola que solicita un crédito refaccionario | |
| 260 |
_aChihuahua, Chih. : _bEl autor, _c1986 |
||
| 300 | _a34 h. | ||
| 502 | _aTesis (Ing. Agrónomo) -- UACH. Departamento de Zonas Aridas | ||
| 590 |
_aALEPH _b10 _c20130110 _lUCH01 _h1407 |
||
| 590 |
_aBATCH-UPD _b10 _c20130110 _lUCH01 _h0700 |
||
| 590 |
_aBATCH-UPD _b10 _c20130410 _lUCH01 _h0346 |
||
| 590 |
_aBATCH-UPD _b10 _c20130914 _lUCH01 _h1100 |
||
| 590 |
_aCONVERSION _b10 _c20130109 _lUCH01 _h1338 |
||
| 650 | 1 | 4 |
_aCrédito agrícola _xChihuahua. _929040 |
| 650 | 1 | 4 |
_aProyectos industriales. _992531 |
| 710 | 0 | _aUACH. Departamento de Zonas Aridas. | |
| 790 | _aOperatividad del crédito y seguro agrícola en el desarrolloagropecuario en el estado de Chihuahua | ||
| 901 | _aBK | ||
| 942 | _cTESIS | ||
| 949 |
_bBC _cTES _d-32534 _eTS1 _h22286 _i79645 _si |
||
| 999 |
_c69193 _d69193 |
||